Statistics for Countries Surrounding Kuala Lumpur

Click here to take the quiz!

General Stats

  • This quiz has been taken 1,941 times
  • The average score is 10 of 11

Answer Stats

BearingCountry% Correct
85°-125°,134°-296°Indonesia
99%
323°-8°Thailand
98%
20°-41°Vietnam
97%
8°-20°Cambodia
96%
48°-81°Philippines
94%
125°-134°Singapore
94%
296°-323°India
93%
81°-85°Brunei
88%
41°-43°Taiwan
84%
43°-45°Japan
83%
45°-48°Mexico
31%

Score Distribution

Percentile by Number Answered

Percent of People with Each Score

Your Score History

You have not taken this quiz